SUNDAY School lessons for children 2020 / (Record no. 30219)

MARC details
000 -LEADER
fixed length control field 00546nas a22001817a 4500
008 - FIXED-LENGTH DATA ELEMENTS--GENERAL INFORMATION
fixed length control field 240527b |||||||| |||| 00| 0 eng d
017 ## - LEGAL DEPOSIT NUMBER
Legal deposit number LD.3755
018 ## - COPYRIGHT ARTICLE-FEE CODE
LEGAL DEPOSIT YEAR 2021
022 ## - ISSN
ISSN 21418888
082 ## - DEWEY DECIMAL CLASSIFICATION NUMBER
Classification number 268
100 ## - MAIN ENTRY--AUTHOR
Editor Nigeria Baptist Convention
245 ## - TITLE STATEMENT
Title SUNDAY School lessons for children 2020 /
260 ## - PUBLICATION, DISTRIBUTION, ETC. (IMPRINT)
Place of publication Ibadan (Nigeria Baptist Convention, P.M.B 5113)
Name of publisher Publishing Board,Nigeria Baptist Convention
Date of publication 2020
300 ## - PHYSICAL DESCRIPTION
Pagination V,
Other physical details ;25cm
650 ## - SUBJECT ADDED ENTRY--TOPICAL TERM
Topical term Sunday school
Form subdivision Nigeria
942 ## - ADDED ENTRY ELEMENTS (KOHA)
Item type Journals
Suppress in OPAC No
050 ## - LIBRARY OF CONGRESS CALL NUMBER
Classification number BX6223
Item number .N684
Holdings
Withdrawn status Lost status Damaged status Not for loan Home library Current library Date acquired Total Checkouts Full call number Accesion No Date last seen Price effective from Koha item type
        National Library of Nigeria AKURE BRANCH LIBRARY 27/05/2024   BX6223 .N684 402763 27/05/2024 27/05/2024 Journals
        National Library of Nigeria BENIN BRANCH 27/05/2024   BX6223 .N684 402764 27/05/2024 27/05/2024 Journals
        National Library of Nigeria IBADAN BRANCH LIBRARY 27/05/2024   BX6223 .N684 402762 27/05/2024 27/05/2024 Journals

National Library of Nigeria OPAC is powered by Koha